Les voitures les plus vendues en France de 1947 à 2023 - Statistiques

Statistiques générales
  • Ce quiz a été pris 168 fois
  • Le résultat moyen est 29 sur 77
Statistiques - réponses
Année Marque Modèle % Correct
2001 Peugeot 206
84%
2004 Peugeot 206
84%
2005 Peugeot 206
84%
2007 Peugeot 207
76%
2008 Peugeot 207
76%
2009 Peugeot 207
76%
2010 Peugeot 207
76%
1974 Renault 5
74%
1975 Renault 5
74%
1976 Renault 5
74%
1977 Renault 5
74%
1978 Renault 5
74%
1979 Renault 5
74%
1980 Renault 5
74%
1981 Renault 5
74%
1982 Renault 5
74%
1983 Renault 5
74%
1962 Renault 4
72%
1963 Renault 4
72%
1964 Renault 4
72%
1965 Renault 4
72%
1967 Renault 4
72%
1968 Renault 4
72%
1984 Peugeot 205
65%
1985 Peugeot 205
65%
1990 Peugeot 205
65%
1969 Peugeot 204
32%
1970 Peugeot 204
32%
1971 Peugeot 204
32%
1991 Renault Clio I
29%
1992 Renault Clio I
29%
1993 Renault Clio I
29%
1994 Renault Clio I
29%
1995 Renault Clio I
29%
1996 Renault Clio I
29%
1997 Renault Clio I
29%
1998 Renault Clio II
27%
1999 Renault Clio II
27%
2000 Renault Clio II
27%
2002 Renault Clio II
27%
2003 Renault Clio II
27%
2006 Renault Clio III
25%
2011 Renault Clio III
25%
2012 Renault Clio III
25%
2013 Renault Clio IV
25%
2014 Renault Clio IV
25%
2015 Renault Clio IV
25%
2016 Renault Clio IV
25%
2017 Renault Clio IV
25%
2018 Renault Clio IV
25%
2023 Renault Clio V
22%
1973 Renault 12
20%
1949 Renault 4 CV
15%
1950 Renault 4 CV
15%
1951 Renault 4 CV
15%
1952 Renault 4 CV
15%
1953 Renault 4 CV
15%
1954 Renault 4 CV
15%
1955 Renault 4 CV
15%
2019 Peugeot 208 I
12%
2020 Peugeot 208 II
12%
2021 Peugeot 208 II
12%
2022 Peugeot 208 II
12%
1972 Simca 1100
11%
1986 Renault Supercinq
10%
1987 Renault Supercinq
10%
1988 Renault Supercinq
10%
1989 Renault Supercinq
10%
1956 Simca Aronde
9%
1957 Renault Dauphine
9%
1958 Renault Dauphine
9%
1959 Renault Dauphine
9%
1960 Renault Dauphine
9%
1961 Renault Dauphine
9%
1947 Citroën Traction avant
7%
1948 Citroën Traction avant
7%
1966 Citroën Ami 6
5%
Aucun quiz correspondant
Distribution des résultats
% des personnes avec chaque résultat
Percentile par nombre de réponses
Votre historique - résultats
Vous n’avez pas pris ce quiz